História da Bahia (Record no. 59058)

MARC details
000 -LÍDER
campo de controle de tamanho fixo 00370 a2200169 4500
001 - NÚMERO DE CONTROLE
campo de controle 59058
020 ## - ISBN - INTERNATIONAL STANDARD BOOK NUMBER
ISBN - International Standard Book Number 8571393702
040 ## - FONTE DA CATALOGAÇÃO
Instituição que transcreveu o registro Anchieta - Pituba
100 ## - ENTRADA PRINCIPAL--NOME PESSOAL
Nome pessoal Tavares, Luís Henrique Dias
240 10 - TÍTULO UNIFORME
Título uniforme História da Bahia
Idioma da obra por
245 10 - TÍTULO
Título História da Bahia
300 ## - DESCRIÇÃO FÍSICA
Extensão 542
362 0# - DATAS DE PUBLICAÇÃO E/OU DESIGNAÇÃO SEQUENCIAL
Datas de publicação e/ou designação sequencial 2001
440 #1 - DECLARAÇÃO DE SÉRIE/ENTRADA ADICIONADA--TÍTULO
Título Editora do Brasil
650 #4 - ASSUNTO--TERMO TÓPICO
Cabeçalho tópico ou nome geográfico Bahia
942 ## - ELEMENTOS DE ENTRADA ADICIONADOS (KOHA)
Tipo de material Koha Livros
Holdings
Situação do descarte Situação das perdas Situação física Não pode ser emprestado Biblioteca de origem Biblioteca atual Data de aquisição Total de empréstimos Código de barras Data de último acesso Data do preço efetivo Tipo de material Koha Número de chamada completo
        Colégio Anchieta - Pituba Colégio Anchieta - Pituba 21/11/2023   9992/PIT 21/11/2023 21/11/2023 Livros  
        Colégio Anchieta - Pituba Colégio Anchieta - Pituba 21/11/2023   18313/PIT 21/11/2023 21/11/2023 Livros 981.42 T231h TAV HIS